LIBRARY & INFORMATION CENTRE, KCAET, TAVANUR

ONLINE PUBLIC ACCESS CATALOGUE (OPAC)

Quantum balathantrathinte harisree / (Record no. 6211)

MARC details
000 -LEADER
fixed length control field 00566cam a2200229ua 4500
041 ## - LANGUAGE CODE
Language code of text/sound track or separate title mal
082 ## - DEWEY DECIMAL CLASSIFICATION NUMBER
Classification number 530.12
Item number RYD/QU
100 ## - MAIN ENTRY--AUTHOR NAME
Personal name Rydnii, V .
245 ## - TITLE STATEMENT
Title Quantum balathantrathinte harisree /
250 ## - EDITION STATEMENT
Edition statement 1 /
260 ## - PUBLICATION, DISTRIBUTION, ETC. (IMPRINT)
Place of publication Thiruvananthapuram :
Name of publisher State Instititute of Languages ,
Year of publication 1972.
300 ## - PHYSICAL DESCRIPTION
Number of Pages 235 ; .
942 ## - ADDED ENTRY ELEMENTS (KOHA)
Koha item type Books
Holdings
Withdrawn status Lost status Damaged status Home library Current library Date acquired Full call number Accession Number Koha item type
Withdrawn     KAUAET KAUAET 07/04/2012 530.12 14314 Books
      KAUAET KAUAET 07/04/2012 530.12 14317 Books
      KAUAET KAUAET 07/04/2012 530.12 14315 Books
      KAUAET KAUAET 07/04/2012 530.12 14313 Books
      KAUAET KAUAET 07/04/2012 530.12 14316 Books
free website counter